Margaret Atwood: Language, text and system
Guardado en:
| Format: | Bog |
|---|---|
| Sprog: | English |
| Udgivet: |
Vancouver, Canadá
University of British Columbia Press
1983
|
| Fag: | |
| Tags: |
Tilføj Tag
Ingen Tags, Vær først til at tagge denne postø!
|
MARC
| LEADER | 00000nam a2200000Ia 4500 | ||
|---|---|---|---|
| 008 | 170316s9999 xx 000 0 eng d | ||
| 040 | |a cru BVZT | ||
| 090 | |a 818 M-9.1m | ||
| 245 | |a Margaret Atwood: Language, text and system |c Sherril E. Grace, Lorraine Weir, editores | ||
| 260 | |a Vancouver, Canadá | ||
| 260 | |b University of British Columbia Press | ||
| 260 | |c 1983 | ||
| 300 | |a 158 páginas | ||
| 650 | |a LITERATURA CANADIENSE | ||
| 650 | |a EN IDIOMA INGLÉS | ||
| 650 | |a MARGARET ATWOOD | ||
| 999 | |c 6438 |d 6438 | ||
| 942 | |c LIB |h 818 M-9.1m |2 z | ||
